[Event "Madrid ch 2004 - Final"]
[Site "Madrid ESP"]
[Date "2004.03.09"]
[Round "1.1"]
[White "Perez Gonzalez, Jose Manuel"]
[Black "Roa Alonso, Santiago"]
[Result "0-1"]
[WhiteElo "2303"]
[BlackElo "2344"]
[PlyCount "74"]
[EventDate "2004.03.09"]
[EventType "tourn"]
[EventRounds "11"]
[EventCountry "ESP"]
[EventCategory "2"]
[Source "lmi"]
[SourceDate "2004.03.09"]

1. e4 c5 2. Nf3 d6 3. d4 Nf6 4. Nc3 cxd4 5. Nxd4 g6 6. Be3 Bg7 7. f3 Nc6 8. Qd2
O-O 9. O-O-O d5 10. exd5 Nxd5 11. Nxc6 bxc6 12. Bd4 e5 13. Bc5 Be6 14. Ne4 h6
15. c4 Nb6 16. Qf2 Qc7 17. Bd6 Qc8 18. Bxf8 Qxf8 19. c5 Nd5 20. Bc4 f5 21. Nd6
Rb8 22. Rd3 e4 23. Rb3 Rxb3 24. Bxb3 e3 25. Qc2 Kh7 26. Re1 Nb4 27. Qe2 Bxb3
28. axb3 Qf6 29. Ne8 Qd4 30. Rd1 Qxc5+ 31. Qc4 Qa5 32. Nf6+ Bxf6 33. Rd7+ Kh8
34. Kd1 Qa1+ 35. Ke2 Qxb2+ 36. Kxe3 Nd5+ 37. Rxd5 cxd5 0-1

[Event "Madrid ch 2004 - Final"]
[Site "Madrid ESP"]
[Date "2004.03.09"]
[Round "1.2"]
[White "Longa Yauca, Javier"]
[Black "Martin Rueda, Daniel"]
[Result "1/2-1/2"]
[WhiteElo "2353"]
[BlackElo "2274"]
[PlyCount "24"]
[EventDate "2004.03.09"]
[EventType "tourn"]
[EventRounds "11"]
[EventCountry "ESP"]
[EventCategory "2"]
[Source "lmi"]
[SourceDate "2004.03.09"]

1. e4 c5 2. Nf3 e6 3. g3 Nc6 4. d4 cxd4 5. Nxd4 Nf6 6. Bg2 Qc7 7. O-O a6 8. Nc3
d6 9. Re1 Bd7 10. Be3 Be7 11. Nxc6 Bxc6 12. a4 Qa5 1/2-1/2

[Event "Madrid ch 2004 - Final"]
[Site "Madrid ESP"]
[Date "2004.03.09"]
[Round "1.3"]
[White "Gallardo Garcia, Andres"]
[Black "Serrano Salvador, Eduardo"]
[Result "0-1"]
[WhiteElo "2297"]
[BlackElo "2241"]
[PlyCount "148"]
[EventDate "2004.03.09"]
[EventType "tourn"]
[EventRounds "11"]
[EventCountry "ESP"]
[EventCategory "2"]
[Source "lmi"]
[SourceDate "2004.03.09"]

1. e4 c5 2. Nf3 e6 3. d4 cxd4 4. Nxd4 Nc6 5. Nb5 d6 6. Bf4 e5 7. Be3 Nf6 8. Bg5
Qa5+ 9. Qd2 Nxe4 10. Qxa5 Nxa5 11. Be3 Kd7 12. Bxa7 d5 13. f4 f6 14. Bg1 Nc6
15. N1c3 Nxc3 16. Nxc3 Bb4 17. O-O-O Bxc3 18. Rxd5+ Kc7 19. bxc3 Be6 20. Rb5
exf4 21. Bb6+ Kb8 22. Bc5 Rd8 23. a3 Ne5 24. Rb6 Bd5 25. Rd6 Kc7 26. Rxd8 Rxd8
27. Rg1 b6 28. Bd4 Ra8 29. Kb2 Re8 30. c4 Nxc4+ 31. Kc3 Ne3 32. Bb5 Re7 33. g3
fxg3 34. hxg3 Kb7 35. Kd2 Nf5 36. Bf2 Nd6 37. Bd3 Kc6 38. Rb1 b5 39. Re1 Rxe1
40. Bxe1 Be4 41. Be2 Kd5 42. Kc3 Kc6 43. Bf2 h6 44. Bd1 Bd5 45. Kb4 Ne4 46. Be1
Kb6 47. Be2 Bc6 48. c4 bxc4 49. Bxc4 f5 50. Bf7 g5 51. Bg6 Nd6 52. a4 Be4 53.
a5+ Kc6 54. Bh5 Kd5 55. Bc3 f4 56. gxf4 gxf4 57. Bd2 Ke5 58. Kc5 Nf5 59. Bc3+
Ke6 60. Kb6 f3 61. Be1 Ne7 62. Bg4+ Ke5 63. Bg3+ Kd4 64. Bf2+ Kd3 65. Kc7 Ke2
66. Bc5 Nd5+ 67. Kb8 Ne3 68. Bh5 Kd3 69. Bxf3 Bxf3 70. a6 h5 71. Be7 Nd5 72.
Bd8 Nb4 73. Kc8 Nxa6 74. Kd7 Ke4 0-1

[Event "Madrid ch 2004 - Final"]
[Site "Madrid ESP"]
[Date "2004.03.09"]
[Round "1.4"]
[White "Lopez de Turiso, Jose Angel"]
[Black "Vazquez, Renier"]
[Result "0-1"]
[WhiteElo "2149"]
[BlackElo "2435"]
[PlyCount "72"]
[EventDate "2004.03.09"]
[EventType "tourn"]
[EventRounds "11"]
[EventCountry "ESP"]
[EventCategory "2"]
[Source "lmi"]
[SourceDate "2004.03.09"]

1. d4 Nf6 2. c4 g6 3. Nc3 Bg7 4. e4 d6 5. f4 O-O 6. Be2 c5 7. d5 b5 8. cxb5 a6
9. bxa6 Bxa6 10. Nf3 Nbd7 11. O-O Qa5 12. Bd2 Ne8 13. Re1 Qb6 14. Rb1 Nc7 15.
Bxa6 Qxa6 16. Qe2 Rfb8 17. Qxa6 Rxa6 18. Rec1 Rb4 19. a3 Rb3 20. Be1 Rab6 21.
Rc2 Bxc3 22. Bxc3 Rxa3 23. Nd2 Ra2 24. Nc4 Rb3 25. Rcc1 Nb5 26. Kf1 f5 27. e5
Ra4 28. Nd2 Rxf4+ 29. Kg1 Nxc3 30. Rxc3 Rxc3 31. bxc3 Nxe5 32. Rb8+ Kf7 33. Rh8
h5 34. h3 Ra4 35. Rb8 Ra2 36. Nf1 f4 0-1

[Event "Madrid ch 2004 - Final"]
[Site "Madrid ESP"]
[Date "2004.03.09"]
[Round "1.5"]
[White "Rodriguez Gonzalez, Javier"]
[Black "Longa Yauca, Javier"]
[Result "1/2-1/2"]
[WhiteElo "2252"]
[BlackElo "2353"]
[PlyCount "20"]
[EventDate "2004.03.09"]
[EventType "tourn"]
[EventRounds "11"]
[EventCountry "ESP"]
[EventCategory "2"]
[Source "lmi"]
[SourceDate "2004.03.09"]

1. d4 e6 2. e4 d5 3. exd5 exd5 4. Nf3 Nf6 5. Bd3 Bd6 6. O-O O-O 7. c4 dxc4 8.
Bxc4 Bg4 9. h3 Bh5 10. g4 Bg6 1/2-1/2

[Event "Madrid ch 2004 - Final"]
[Site "Madrid ESP"]
[Date "2004.03.09"]
[Round "1.6"]
[White "Martin Rueda, Daniel"]
[Black "Moreno Ruiz, Javier"]
[Result "1/2-1/2"]
[WhiteElo "2274"]
[BlackElo "2455"]
[PlyCount "64"]
[EventDate "2004.03.09"]
[EventType "tourn"]
[EventRounds "11"]
[EventCountry "ESP"]
[EventCategory "2"]
[Source "lmi"]
[SourceDate "2004.03.09"]

1. e4 e6 2. d4 d5 3. Nd2 Nf6 4. e5 Nfd7 5. Bd3 c5 6. c3 Nc6 7. Ne2 cxd4 8. cxd4
Qb6 9. Nf3 f6 10. exf6 Nxf6 11. O-O Bd6 12. Re1 O-O 13. Nf4 Bd7 14. Nxe6 Rfe8
15. Bf5 Na5 16. Bg5 Bxe6 17. Bxe6+ Rxe6 18. Rxe6 Bxh2+ 19. Kxh2 Qxe6 20. Bxf6
Qxf6 21. Qa4 Nc6 22. Re1 Rf8 23. Qb3 Qf7 24. Re2 Nxd4 25. Nxd4 Qf4+ 26. Kh3
Qxd4 27. Qxb7 Qd3+ 28. Re3 Qf5+ 29. Kh2 Qxf2 30. Qxd5+ Kh8 31. Qe5 h6 32. Rg3
Qf6 1/2-1/2

[Event "Madrid ch 2004 - Final"]
[Site "Madrid ESP"]
[Date "2004.03.10"]
[Round "2.1"]
[White "Roa Alonso, Santiago"]
[Black "Moreno Ruiz, Javier"]
[Result "1/2-1/2"]
[WhiteElo "2344"]
[BlackElo "2455"]
[PlyCount "43"]
[EventDate "2004.03.09"]
[EventType "tourn"]
[EventRounds "11"]
[EventCountry "ESP"]
[EventCategory "2"]
[Source "lmi"]
[SourceDate "2004.03.09"]

1. c4 g6 2. Nc3 Bg7 3. g3 d6 4. Bg2 e5 5. Nf3 Nc6 6. Rb1 a5 7. d3 Nf6 8. Bg5 h6
9. Bxf6 Bxf6 10. a3 O-O 11. b4 axb4 12. axb4 Bg7 13. b5 Ne7 14. Nd2 e4 15. Qc1
exd3 16. exd3 Nf5 17. O-O Re8 18. Nb3 h5 19. Qd2 Bh6 20. Qb2 Bg7 21. Qd2 Bh6
22. Qb2 1/2-1/2

[Event "Madrid ch 2004 - Final"]
[Site "Madrid ESP"]
[Date "2004.03.10"]
[Round "2.2"]
[White "Nuñez Garcia, Alberto "]
[Black "Estrada Martinez, Cesar"]
[Result "1-0"]
[WhiteElo "2205"]
[BlackElo "2184"]
[PlyCount "103"]
[EventDate "2004.03.09"]
[EventType "tourn"]
[EventRounds "11"]
[EventCountry "ESP"]
[EventCategory "2"]
[Source "lmi"]
[SourceDate "2004.03.09"]

1. e4 c5 2. Nf3 g6 3. d4 cxd4 4. Qxd4 Nf6 5. e5 Nc6 6. Qa4 Nd5 7. Qe4 Ndb4 8.
Bb5 Qa5 9. Nc3 d5 10. exd6 Bf5 11. Qe5 Nxc2+ 12. Ke2 O-O-O 13. Qxh8 Nxa1 14.
Rd1 exd6 15. Qxh7 Nc2 16. Kf1 Be6 17. h4 N2b4 18. Bg5 Re8 19. a3 Nd5 20. Nd4
Nxc3 21. bxc3 Bb3 22. Rc1 Qxa3 23. Kg1 Be7 24. Re1 Kd7 25. Bc1 Qa2 26. h5 gxh5
27. Qxh5 Bc4 28. Qg4+ Be6 29. Nxe6 fxe6 30. c4 Bf6 31. Rd1 a6 32. Qg3 Be7 33.
Bxc6+ bxc6 34. Ba3 d5 35. Bxe7 Rxe7 36. c5 e5 37. Qg4+ Re6 38. Qg7+ Re7 39. Qf6
Re6 40. Qf7+ Re7 41. Qf5+ Kc7 42. Qf6 Rd7 43. Qxe5+ Kb7 44. Qf5 Rc7 45. Rb1+
Ka7 46. g4 d4 47. Rf1 Qd2 48. Qe5 Rf7 49. f3 Qh6 50. Rb1 Qf8 51. Qxd4 Rxf3 52.
Qd7+ 1-0

[Event "Madrid ch 2004 - Final"]
[Site "Madrid ESP"]
[Date "2004.03.10"]
[Round "2.3"]
[White "Vazquez, Renier"]
[Black "Rodriguez Gonzalez, Javier"]
[Result "1-0"]
[WhiteElo "2435"]
[BlackElo "2252"]
[PlyCount "61"]
[EventDate "2004.03.09"]
[EventType "tourn"]
[EventRounds "11"]
[EventCountry "ESP"]
[EventCategory "2"]
[Source "lmi"]
[SourceDate "2004.03.09"]

1. e4 e6 2. d4 d5 3. Nc3 Bb4 4. e5 c5 5. a3 Ba5 6. b4 cxd4 7. Qg4 Ne7 8. bxa5
dxc3 9. Qxg7 Rg8 10. Qxh7 Nbc6 11. Nf3 Qc7 12. Kd1 Bd7 13. Ng5 O-O-O 14. Nxf7
Nf5 15. Nxd8 Rxd8 16. f4 Qxa5 17. g4 Nfe7 18. Bd3 d4 19. Rg1 Nd5 20. Rb1 Ne3+
21. Ke1 Qc5 22. Rg3 Nc4 23. g5 Nb2 24. Bxb2 cxb2 25. g6 Ne7 26. Rxb2 Qc3+ 27.
Kd1 Nd5 28. Rb1 Ne3+ 29. Ke2 Nc4 30. Rd1 Bb5 31. g7 1-0

[Event "Madrid ch 2004 - Final"]
[Site "Madrid ESP"]
[Date "2004.03.10"]
[Round "2.4"]
[White "Serrano Salvador, Eduardo"]
[Black "Lopez de Turiso, Jose Angel"]
[Result "1/2-1/2"]
[WhiteElo "2241"]
[BlackElo "2149"]
[PlyCount "62"]
[EventDate "2004.03.09"]
[EventType "tourn"]
[EventRounds "11"]
[EventCountry "ESP"]
[EventCategory "2"]
[Source "lmi"]
[SourceDate "2004.03.09"]

1. d4 Nf6 2. Nf3 g6 3. c4 Bg7 4. g3 d6 5. Bg2 O-O 6. Nc3 Nbd7 7. O-O e5 8. h3
c6 9. e4 exd4 10. Nxd4 Qb6 11. Nde2 Qb4 12. b3 Ne8 13. Qc2 Nc5 14. Be3 f5 15.
Rad1 Nxe4 16. Nxe4 fxe4 17. g4 a5 18. Bxe4 a4 19. Bd2 axb3 20. axb3 Qb6 21. Bc3
Bxc3 22. Qxc3 Nf6 23. Bc2 Nxg4 24. hxg4 Bxg4 25. Rxd6 Bxe2 26. Bxg6 Qc7 27. Qd4
Qg7 28. Re1 Qxd4 29. Rxd4 Bf3 30. Be4 Rfe8 31. Re3 Ra1+ 1/2-1/2

[Event "Madrid ch 2004 - Final"]
[Site "Madrid ESP"]
[Date "2004.03.10"]
[Round "2.5"]
[White "Estrada Martinez, Cesar"]
[Black "Gallardo Garcia, Andres"]
[Result "1/2-1/2"]
[WhiteElo "2184"]
[BlackElo "2297"]
[PlyCount "124"]
[EventDate "2004.03.09"]
[EventType "tourn"]
[EventRounds "11"]
[EventCountry "ESP"]
[EventCategory "2"]
[Source "lmi"]
[SourceDate "2004.03.09"]

1. Nf3 Nf6 2. d4 e6 3. c4 b6 4. Nc3 Bb7 5. Qc2 c5 6. dxc5 Bxc5 7. Bg5 Be7 8. g3
Na6 9. Bg2 Rc8 10. b3 O-O 11. O-O Qc7 12. Rfd1 d5 13. Nb5 Qc5 14. Nxa7 Nb4 15.
Qb1 Ra8 16. Be3 Qa5 17. a3 Na6 18. Nb5 dxc4 19. bxc4 Nc5 20. Qb4 Nfe4 21. Qxa5
Rxa5 22. Nd2 Bf6 23. Nxe4 Nxe4 24. Rab1 Ra4 25. Bxb6 Rxc4 26. Bxe4 Bxe4 27. Nd6
Bxb1 28. Nxc4 Ba2 29. Ne3 Rc8 30. Bd4 Bg5 31. Ra1 Bxe3 32. Bxe3 Bc4 33. Rc1 Ba6
34. Rxc8+ Bxc8 35. Bc5 e5 36. Kf1 f6 37. Ke1 Kf7 38. Kd2 Ke6 39. e4 Bb7 40. f3
Bc6 41. h4 g6 42. Ke3 f5 43. Bb4 fxe4 44. fxe4 h5 45. Bc3 Kd6 46. Kf3 Ke6 47.
Bb4 Kf6 48. Bf8 Kf7 49. Bd6 Ke6 50. Bc7 Kf6 51. Bd8+ Ke6 52. Bg5 Kf7 53. Ke3
Ke6 54. Bh6 Kf7 55. Bg5 Ke6 56. Bd8 Kd6 57. Bf6 Ke6 58. Bg7 Kd6 59. Kd3 Ke6 60.
Bf8 Kf6 61. Bd6 Ke6 62. Bc7 Kf6 1/2-1/2

[Event "Madrid ch 2004 - Final"]
[Site "Madrid ESP"]
[Date "2004.03.10"]
[Round "2.6"]
[White "Perez Gonzalez, Jose Manuel"]
[Black "Nuñez Garcia, Alberto "]
[Result "1-0"]
[WhiteElo "2303"]
[BlackElo "2205"]
[PlyCount "63"]
[EventDate "2004.03.09"]
[EventType "tourn"]
[EventRounds "11"]
[EventCountry "ESP"]
[EventCategory "2"]
[Source "lmi"]
[SourceDate "2004.03.09"]

1. e4 c5 2. Nf3 d6 3. d4 cxd4 4. Nxd4 Nf6 5. Nc3 a6 6. Bc4 e6 7. O-O Be7 8. Bb3
Nbd7 9. Bxe6 fxe6 10. Nxe6 Qb6 11. Nxg7+ Kf7 12. Nf5 Nc5 13. Nxe7 Kxe7 14. Bg5
Be6 15. Qd4 Raf8 16. f4 h6 17. Bh4 Ke8 18. f5 Bg8 19. Rad1 Ncd7 20. Qxb6 Nxb6
21. Rxd6 Nfd7 22. Rfd1 Rh7 23. b3 Nc8 24. R6d2 Na7 25. Ne2 Nc6 26. Nf4 Nde5 27.
Ng6 Rg7 28. Nxe5 Nxe5 29. Rd8+ Kf7 30. R1d7+ Nxd7 31. Rxd7+ Ke8 32. Rxg7 1-0

[Event "Madrid ch 2004 - Final"]
[Site "Madrid ESP"]
[Date "2004.03.16"]
[Round "3.1"]
[White "Nuñez Garcia, Alberto "]
[Black "Roa Alonso, Santiago"]
[Result "0-1"]
[WhiteElo "2205"]
[BlackElo "2344"]
[PlyCount "86"]
[EventDate "2004.03.09"]
[EventType "tourn"]
[EventRounds "11"]
[EventCountry "ESP"]
[EventCategory "2"]
[Source "lmi"]
[SourceDate "2004.03.09"]

1. e4 c5 2. Nf3 e6 3. d4 cxd4 4. Nxd4 a6 5. c4 Nf6 6. Nc3 d6 7. Bd3 g6 8. O-O
Bg7 9. Be3 O-O 10. f3 Nbd7 11. Qd2 d5 12. cxd5 exd5 13. Rfd1 Ne5 14. exd5 Nxd5
15. Nxd5 Nxd3 16. Nc3 Ne5 17. Bh6 Nc4 18. Qf4 Be5 19. Qe4 Re8 20. Kh1 Nxb2 21.
Nc6 Nxd1 22. Rxd1 Qxd1+ 23. Nxd1 Bf5 24. Qxe5 Rxe5 25. Nxe5 Rc8 26. f4 f6 27.
Nf3 Bg4 28. Nf2 Bxf3 29. gxf3 Rc1+ 30. Kg2 Rc2 31. f5 Rxa2 32. fxg6 hxg6 33.
Kg3 b5 34. Ne4 Kf7 35. Be3 b4 36. Bd4 b3 37. Nc5 b2 38. Bxb2 Rxb2 39. Nxa6 Rb5
40. Nc7 Rg5+ 41. Kf2 Ke7 42. Ke3 Kd7 43. Na6 Rh5 0-1

[Event "Madrid ch 2004 - Final"]
[Site "Madrid ESP"]
[Date "2004.03.16"]
[Round "3.2"]
[White "Gallardo Garcia, Andres"]
[Black "Perez Gonzalez, Jose Manuel"]
[Result "1-0"]
[WhiteElo "2297"]
[BlackElo "2303"]
[PlyCount "67"]
[EventDate "2004.03.09"]
[EventType "tourn"]
[EventRounds "11"]
[EventCountry "ESP"]
[EventCategory "2"]
[Source "lmi"]
[SourceDate "2004.03.09"]

1. e4 d6 2. d4 Nf6 3. Nc3 g6 4. Be3 c6 5. Qd2 b5 6. Bd3 Nbd7 7. Nf3 e5 8. dxe5
dxe5 9. h3 Bb7 10. a4 a6 11. O-O Bg7 12. Ne2 O-O 13. Ng3 Qe7 14. c4 Rfd8 15.
cxb5 cxb5 16. axb5 axb5 17. Rxa8 Bxa8 18. Qa5 Nf8 19. Bc5 Qd7 20. Bxb5 Qc8 21.
Be7 Rd4 22. Nxd4 exd4 23. Ra1 Bb7 24. Ba6 N6d7 25. Bxb7 Qxb7 26. Qb4 Qc6 27.
Qd6 Qb7 28. b4 Nb6 29. Bxf8 Bxf8 30. Qxd4 Nc8 31. Rb1 Qc7 32. Rd1 Nd6 33. Qd5
Qb8 34. e5 1-0

[Event "Madrid ch 2004 - Final"]
[Site "Madrid ESP"]
[Date "2004.03.16"]
[Round "3.3"]
[White "Lopez de Turiso, Jose Angel"]
[Black "Estrada Martinez, Cesar"]
[Result "0-1"]
[WhiteElo "2149"]
[BlackElo "2184"]
[PlyCount "62"]
[EventDate "2004.03.09"]
[EventType "tourn"]
[EventRounds "11"]
[EventCountry "ESP"]
[EventCategory "2"]
[Source "lmi"]
[SourceDate "2004.03.09"]

1. c4 c5 2. Nc3 Nc6 3. g3 Nf6 4. Bg2 g6 5. Nf3 d5 6. cxd5 Nxd5 7. O-O Nc7 8. d3
Bg7 9. Qa4 O-O 10. Qh4 Ne6 11. Bh6 Ncd4 12. g4 Nxf3+ 13. Bxf3 Nd4 14. Bd5 Bxh6
15. Qxh6 Bxg4 16. f3 Be6 17. Bxb7 Rb8 18. Ba6 Rxb2 19. Ne4 Nf5 20. Qf4 Qd4+ 21.
Kh1 Rxe2 22. Bc4 Bxc4 23. dxc4 Qe3 24. Qe5 Ra8 25. Rab1 Qd3 26. Rb3 Qc2 27.
Rb8+ Rxb8 28. Qxb8+ Kg7 29. Qe5+ f6 30. Qc7 Qxc4 31. Nxc5 Kf7 0-1

[Event "Madrid ch 2004 - Final"]
[Site "Madrid ESP"]
[Date "2004.03.16"]
[Round "3.4"]
[White "Rodriguez Gonzalez, Javier"]
[Black "Serrano Salvador, Eduardo"]
[Result "1/2-1/2"]
[WhiteElo "2252"]
[BlackElo "2241"]
[PlyCount "38"]
[EventDate "2004.03.09"]
[EventType "tourn"]
[EventRounds "11"]
[EventCountry "ESP"]
[EventCategory "2"]
[Source "lmi"]
[SourceDate "2004.03.09"]

1. d4 d5 2. Bg5 h6 3. Bh4 c6 4. Nc3 Qb6 5. Rb1 Nd7 6. Nf3 e6 7. e3 Ne7 8. g4 h5
9. gxh5 Nf5 10. Bg3 Rxh5 11. Bf4 Be7 12. Bd3 g6 13. Ne2 Kf8 14. c3 a5 15. O-O
Kg7 16. Bg3 Nxg3 17. hxg3 Qd8 18. Kg2 Qh8 19. Rh1 Rxh1 1/2-1/2

[Event "Madrid ch 2004 - Final"]
[Site "Madrid ESP"]
[Date "2004.03.16"]
[Round "3.5"]
[White "Martin Rueda, Daniel"]
[Black "Vazquez, Renier"]
[Result "0-1"]
[WhiteElo "2274"]
[BlackElo "2435"]
[PlyCount "58"]
[EventDate "2004.03.09"]
[EventType "tourn"]
[EventRounds "11"]
[EventCountry "ESP"]
[EventCategory "2"]
[Source "lmi"]
[SourceDate "2004.03.09"]

1. d4 Nf6 2. Bg5 d5 3. Bxf6 exf6 4. e3 Be6 5. Nd2 c6 6. g3 f5 7. Bg2 Nd7 8. Ne2
Nf6 9. O-O Bd6 10. b3 h5 11. h4 Ne4 12. Nf4 g5 13. hxg5 h4 14. Nxe4 dxe4 15. d5
Qxg5 16. dxe6 O-O-O 17. Qe1 fxe6 18. Rd1 Qh6 19. Nh3 Qg7 20. Nf4 Rh6 21. Qa5 e5
22. Qxa7 Rdh8 23. Ne2 h3 24. Bh1 h2+ 25. Kg2 Qg4 26. f3 exf3+ 27. Rxf3 e4 28.
Qa8+ Bb8 29. Kf2 exf3 0-1

[Event "Madrid ch 2004 - Final"]
[Site "Madrid ESP"]
[Date "2004.03.16"]
[Round "3.6"]
[White "Moreno Ruiz, Javier"]
[Black "Longa Yauca, Javier"]
[Result "1-0"]
[WhiteElo "2455"]
[BlackElo "2353"]
[PlyCount "93"]
[EventDate "2004.03.09"]
[EventType "tourn"]
[EventRounds "11"]
[EventCountry "ESP"]
[EventCategory "2"]
[Source "lmi"]
[SourceDate "2004.03.09"]

1. d4 Nf6 2. c4 e6 3. Nc3 Bb4 4. e3 b6 5. Nge2 Bb7 6. a3 Be7 7. d5 O-O 8. e4 d6
9. g3 e5 10. Bg2 Nbd7 11. O-O a5 12. Rb1 Ba6 13. b3 h6 14. h3 Nh7 15. Be3 Re8
16. Qc2 Kh8 17. Nb5 Bf6 18. b4 axb4 19. axb4 h5 20. Ra1 h4 21. Ra2 Bxb5 22.
Rxa8 Qxa8 23. cxb5 Qb8 24. Rc1 hxg3 25. fxg3 Bd8 26. Qc6 Ndf6 27. g4 Rf8 28.
Ra1 Qc8 29. Ra8 Qd7 30. g5 Qxc6 31. bxc6 Ng8 32. Kh2 g6 33. Nc3 Kg7 34. h4 f6
35. Nb5 fxg5 36. Rxd8 Rxd8 37. Nxc7 Kf7 38. hxg5 Ne7 39. Nb5 Nc8 40. Bh3 Ke7
41. Kg3 Nf8 42. Kf3 Nh7 43. Ke2 Rh8 44. Bg4 Rf8 45. Kd3 Rh8 46. Kc4 Rf8 47. c7
1-0

[Event "Madrid ch 2004 - Final"]
[Site "Madrid ESP"]
[Date "2004.03.17"]
[Round "4.1"]
[White "Roa Alonso, Santiago"]
[Black "Longa Yauca, Javier"]
[Result "0-1"]
[WhiteElo "2344"]
[BlackElo "2353"]
[PlyCount "84"]
[EventDate "2004.03.09"]
[EventType "tourn"]
[EventRounds "11"]
[EventCountry "ESP"]
[EventCategory "2"]
[Source "lmi"]
[SourceDate "2004.03.09"]

1. e4 e5 2. Bc4 Nf6 3. d3 c6 4. Nf3 Be7 5. Bb3 O-O 6. Nbd2 d6 7. c3 h6 8. h3
Re8 9. O-O Bf8 10. Re1 g6 11. d4 Qc7 12. Bc2 Be6 13. Nf1 Nbd7 14. Ne3 Nb6 15.
dxe5 dxe5 16. Qe2 Bg7 17. Nh4 Rad8 18. b3 Nc8 19. Qf3 Nh7 20. Ng4 h5 21. Nh2
Kh8 22. Nf1 Qe7 23. Qg3 Bf6 24. Nf3 h4 25. Qh2 Qc5 26. c4 Bd7 27. Bb2 a5 28.
Rad1 Ng5 29. N1d2 Kg8 30. Nxh4 Nxh3+ 31. gxh3 Bxh4 32. Nf3 Bf6 33. Re3 Be6 34.
Rxd8 Rxd8 35. Rd3 Rxd3 36. Bxd3 Nb6 37. Nxe5 Qd6 38. Qf4 Nd7 39. Nxg6 Qxf4 40.
Nxf4 Bxb2 41. Nxe6 fxe6 42. Kg2 Ne5 0-1

[Event "Madrid ch 2004 - Final"]
[Site "Madrid ESP"]
[Date "2004.02.17"]
[Round "4.2"]
[White "Vazquez, Renier"]
[Black "Moreno Ruiz, Javier"]
[Result "1/2-1/2"]
[WhiteElo "2435"]
[BlackElo "2455"]
[PlyCount "76"]
[EventDate "2004.03.09"]
[EventType "tourn"]
[EventRounds "11"]
[EventCountry "ESP"]
[EventCategory "2"]
[Source "lmi"]
[SourceDate "2004.03.09"]

1. e4 e6 2. d4 d5 3. Nc3 Bb4 4. e5 c5 5. a3 Bxc3+ 6. bxc3 Ne7 7. h4 Nbc6 8. h5
Qa5 9. Bd2 Bd7 10. Nf3 O-O-O 11. Rb1 Qc7 12. h6 gxh6 13. Bxh6 Rdg8 14. Bg5 h5
15. Bf6 Rh6 16. Qd2 Rhg6 17. Ng5 Be8 18. Rxh5 Qa5 19. Bd3 Qxa3 20. Bxg6 Nxg6
21. Rh7 Na5 22. dxc5 Nc4 23. Qd4 Ngxe5 24. Bxe5 Rxg5 25. Bf6 Rg8 26. g3 Qa2 27.
Qd1 Qa5 28. Rb4 Qxc5 29. Qd4 b6 30. Rxc4 Qxc4 31. Qxc4+ dxc4 32. Kd2 Kd7 33.
Rh4 Rg6 34. Rd4+ Kc6 35. Rxc4+ Kb5 36. Rb4+ Ka6 37. Rf4 Kb7 38. c4 Bc6 1/2-1/2

[Event "Madrid ch 2004 - Final"]
[Site "Madrid ESP"]
[Date "2004.03.17"]
[Round "4.3"]
[White "Serrano Salvador, Eduardo"]
[Black "Martin Rueda, Daniel"]
[Result "0-1"]
[WhiteElo "2241"]
[BlackElo "2274"]
[PlyCount "102"]
[EventDate "2004.03.09"]
[EventType "tourn"]
[EventRounds "11"]
[EventCountry "ESP"]
[EventCategory "2"]
[Source "lmi"]
[SourceDate "2004.03.09"]

1. d4 d5 2. c4 c6 3. Nf3 Nf6 4. e3 Bf5 5. Nc3 e6 6. Nh4 Be4 7. f3 Bg6 8. Nxg6
hxg6 9. Qb3 Qc7 10. g3 Nbd7 11. Bd2 Bd6 12. f4 Be7 13. Rc1 Qb6 14. Bd3 dxc4 15.
Bxc4 Qxb3 16. Bxb3 c5 17. d5 exd5 18. Nxd5 Bd6 19. O-O Ne4 20. Be1 O-O 21. Rd1
Rad8 22. Nc3 Nxc3 23. Bxc3 Nf6 24. Bc2 Rfe8 25. Rfe1 Bc7 26. Rxd8 Rxd8 27. e4
b5 28. Re2 Bb6 29. Kg2 Nd7 30. e5 Nf8 31. Rd2 Rxd2+ 32. Bxd2 Ne6 33. g4 c4 34.
Be4 Bd4 35. Bc1 g5 36. fxg5 Bxe5 37. Bd5 Bxb2 38. Bxe6 Bxc1 39. Bd7 b4 40. g6
b3 41. axb3 cxb3 42. Ba4 b2 43. Bc2 fxg6 44. Bxg6 Kf8 45. Kf3 Ke7 46. Ke2 Kf6
47. Bd3 Ke5 48. Kd1 Kd4 49. Bg6 Kc3 50. Bf5 a5 51. Bg6 a4 0-1

[Event "Madrid ch 2004 - Final"]
[Site "Madrid ESP"]
[Date "2004.03.17"]
[Round "4.4"]
[White "Estrada Martinez, Cesar"]
[Black "Rodriguez Gonzalez, Javier"]
[Result "1/2-1/2"]
[WhiteElo "2184"]
[BlackElo "2252"]
[PlyCount "48"]
[EventDate "2004.03.09"]
[EventType "tourn"]
[EventRounds "11"]
[EventCountry "ESP"]
[EventCategory "2"]
[Source "lmi"]
[SourceDate "2004.03.09"]

1. Nf3 Nf6 2. d4 d5 3. c4 e6 4. Nc3 Bb4 5. Qa4+ Nc6 6. Ne5 Bd7 7. Nxd7 Qxd7 8.
e3 O-O 9. Bd3 a6 10. Qc2 dxc4 11. Bxc4 e5 12. dxe5 Nxe5 13. Be2 Bd6 14. h3 Rad8
15. O-O Qe7 16. e4 Nc6 17. Be3 Rfe8 18. Bf3 Ne5 19. Be2 Nc6 20. Bf3 Qe5 21. g3
Nd4 22. Bxd4 Qxd4 23. Rad1 Qc5 24. Kg2 Be5 1/2-1/2

[Event "Madrid ch 2004 - Final"]
[Site "Madrid ESP"]
[Date "2004.03.17"]
[Round "4.5"]
[White "Perez Gonzalez, Jose Manuel"]
[Black "Lopez de Turiso, Jose Angel"]
[Result "1-0"]
[WhiteElo "2303"]
[BlackElo "2149"]
[PlyCount "93"]
[EventDate "2004.03.09"]
[EventType "tourn"]
[EventRounds "11"]
[EventCountry "ESP"]
[EventCategory "2"]
[Source "lmi"]
[SourceDate "2004.03.09"]

1. e4 e5 2. Nf3 Nc6 3. Bc4 Nf6 4. d4 exd4 5. e5 d5 6. Bb5 Ne4 7. Nxd4 Bd7 8.
Bxc6 bxc6 9. O-O Bc5 10. c3 Ng5 11. f4 Ne4 12. Be3 Bb6 13. Nd2 Nxd2 14. Qxd2 c5
15. Nf3 d4 16. Bf2 Bc6 17. Bh4 Qd5 18. f5 h6 19. Qf4 Qe4 20. Qg3 g5 21. fxg6
Qxg6 22. e6 Qxg3 23. exf7+ Kxf7 24. Bxg3 Kg8 25. Ne5 Bb5 26. Rf5 Rh7 27. a4 Be8
28. a5 Rd8 29. axb6 axb6 30. Raf1 Bb5 31. R1f4 Ra8 32. h3 Rg7 33. Kh2 Ra2 34.
Rf8+ Kh7 35. Rd8 Rxb2 36. Rff8 Re7 37. Rh8+ Kg7 38. Rdg8+ Kf6 39. Rxh6+ Kf5 40.
Rg4 Rxe5 41. Rh5+ Kf6 42. Bxe5+ Ke7 43. Bxc7 Rc2 44. Bxb6 d3 45. Rxc5 d2 46.
Rd4 Rb2 47. Rxd2 1-0

[Event "Madrid ch 2004 - Final"]
[Site "Madrid ESP"]
[Date "2004.03.17"]
[Round "4.6"]
[White "Nuñez Garcia, Alberto "]
[Black "Gallardo Garcia, Andres"]
[Result "0-1"]
[WhiteElo "2205"]
[BlackElo "2297"]
[PlyCount "56"]
[EventDate "2004.03.09"]
[EventType "tourn"]
[EventRounds "11"]
[EventCountry "ESP"]
[EventCategory "2"]
[Source "lmi"]
[SourceDate "2004.03.09"]

1. e4 c5 2. Nf3 Nc6 3. d4 cxd4 4. Nxd4 Nf6 5. Nc3 d6 6. Bc4 Qb6 7. Nxc6 bxc6 8.
O-O g6 9. Bb3 Bg7 10. Be3 Qc7 11. f3 O-O 12. Qd2 a5 13. Na4 Rb8 14. c4 Be6 15.
Rac1 Nd7 16. Kh1 Rb4 17. f4 f5 18. e5 dxe5 19. Bc5 Rxa4 20. Bxe7 Rb4 21. Bd6
Qb7 22. fxe5 c5 23. Bxf8 Bxf8 24. Qe1 a4 25. Bd1 Rxb2 26. Bf3 Qc7 27. Rc3 Qxe5
28. Qe3 Bd6 0-1